Banderas de Países con Armas por Imagen - Estadísticas

Estadísticas generales
  • Esta prueba ha sido intentada 31 veces
  • La puntuación promedio es 13 de 15
Estadísticas de respuestas
Imagen Respuesta % Correcto
Arabia Saudita
100%
Barbados
100%
Kenia
100%
Angola
96%
Bolivia
96%
Ecuador
96%
Irán
96%
República Dominicana
96%
Sri Lanka
93%
Esuatini
89%
Mozambique
81%
Haití
78%
Malta
74%
Guatemala
70%
Omán
56%
No se encontraron pruebas coincidentes
Distribución de puntuación
Porcentaje de gente con cada puntuación
Porcentaje por número respondido
Historial de tus puntuaciones
No has intentado esta prueba.